000 01128cam a22003375i 4500
001 015785193
003 EG-ScBUE
005 20250624083248.0
008 110331s2012 nyua f b 001 0 eng d
020 _a9780071089029 (pbk.)
020 _a0071089020 (pbk.)
040 _aEG-ScBUE
_beng
_erda
_cEG-ScBUE
_dEG-ScBUE
082 0 4 _222
_a537.622
_bNEA
100 1 0 _aNeamen, Donald A.,
_eauthor.
_941694
245 1 0 _aSemiconductor physics and devices :
_bbasic principles /
_cDonald A. Neamen, University of New Mexico.
250 _aFourth edition.
250 _aInternational edition.
250 _aMcGraw-Hill international edition.
264 1 _aNew York :
_bMcGraw-Hill,
_c2012.
300 _axxiv, 758 pages :
_billustrations (some color) ;
_c24 cm
336 _2rdacontent
_atext
_btxt
337 _aunmediated
_2rdamedia
_bn
338 _avolume
_bnc
_2rdacarrier
504 _aIncludes bibliographical references and index.
590 _aWessam
650 7 _aSemiconductors.
_2BUEsh
_92692
653 _bENGELC
_cNovember2016
653 _bENGGEN
_cNovember2016
655 _vReading book
942 _2ddc
_cBB
999 _c23367
_d23339